Gears and gear-cutting ; (Record no. 546054)
[ view plain ]
| 000 -LEADER | |
|---|---|
| fixed length control field | 00716cam a22001811 4500 |
| 082 ## - DEWEY DECIMAL CLASSIFICATION NUMBER | |
| Classification number | 621.944 |
| Author Mark | CAM |
| -- | L-13, P-25 |
| 100 1# - MAIN ENTRY--PERSONAL NAME | |
| Personal name | Camm, F. J. |
| 9 (RLIN) | 41027 |
| 245 10 - TITLE STATEMENT | |
| Title | Gears and gear-cutting ; |
| Remainder of title | principles, practice and formulæ, |
| Statement of responsibility, etc. | edited by F. J. Camm...with over 100 illustrations. |
| 250 ## - EDITION STATEMENT | |
| Edition statement | Third edition |
| 260 ## - PUBLICATION, DISTRIBUTION, ETC. | |
| Place of publication, distribution, etc. | Brooklyn, N.Y., |
| Name of publisher, distributor, etc. | Chemical publishing co., inc., |
| Date of publication, distribution, etc. | 1941. |
| 300 ## - PHYSICAL DESCRIPTION | |
| Extent | 144 p. |
| Other physical details | illus., diagrs. |
| Dimensions | 22 cm. |
| 500 ## - GENERAL NOTE | |
| General note | "This book includes the articles on gear-cutting contributed to Practical engineering by W. A. Tuplin."--Pref. |
| 526 ## - STUDY PROGRAM INFORMATION NOTE | |
| Program name | 0 |
| Interest level | 0 |
| Reading level | 0 |
| Title point value | 621_944000000000000_CAM |
| 650 #0 - SUBJECT ADDED ENTRY--TOPICAL TERM | |
| Topical term or geographic name entry element | Gearing. |
| 9 (RLIN) | 41939 |
| 650 #0 - SUBJECT ADDED ENTRY--TOPICAL TERM | |
| Topical term or geographic name entry element | MCE |
| 9 (RLIN) | 379 |
| 700 1# - ADDED ENTRY--PERSONAL NAME | |
| Personal name | Tuplin, William Alfred. |
| 9 (RLIN) | 42072 |
| 942 ## - ADDED ENTRY ELEMENTS (KOHA) | |
| Source of classification or shelving scheme | |
| Koha item type | Book |
| Withdrawn status | Lost status | Source of classification or shelving scheme | Damaged status | Not for loan | Permanent Location | Current Location | Date acquired | Total Checkouts | Full call number | Barcode | Date last seen | Price effective from | Koha item type |
|---|---|---|---|---|---|---|---|---|---|---|---|---|---|
| Military College of Engineering (MCE) | Military College of Engineering (MCE) | 06/02/2014 | 621.944 CAM | MCE-30334 | 06/02/2014 | 06/02/2014 | Book |
